|
|
|
|
| LEADER |
02756nam a2200625 a 4500 |
| 001 |
nkc20091855906 |
| 003 |
CZ PrNK |
| 005 |
20090511103622.0 |
| 007 |
ta |
| 008 |
090211s2008 xr e p 000 0 eng |
| 015 |
|
|
|a cnb001855906
|
| 020 |
|
|
|a 978-80-244-2193-3
|q (brož.) :
|c neprodejné
|
| 035 |
|
|
|a (OCoLC)320227152
|
| 040 |
|
|
|a BOA001
|b cze
|d ABA001
|
| 041 |
0 |
|
|a eng
|a cze
|
| 072 |
|
7 |
|a 811.162.3
|x Čeština
|2 Konspekt
|9 11
|
| 072 |
|
7 |
|a 37.016
|x Učební osnovy. Vyučovací předměty. Učebnice
|2 Konspekt
|9 22
|
| 080 |
|
|
|a 811.162.3
|2 MRF
|
| 080 |
|
|
|a 811.111
|2 MRF
|
| 080 |
|
|
|a 61
|2 MRF
|
| 080 |
|
|
|a 616-083
|2 MRF
|
| 080 |
|
|
|a 81'373.46
|2 MRF
|
| 080 |
|
|
|a 81'24'373.46
|2 MRF
|
| 080 |
|
|
|a (075.8)
|2 MRF
|
| 100 |
1 |
|
|a Ludíková, Barbora
|7 mzk2009495953
|4 aut
|
| 245 |
1 |
4 |
|a The basic of conversation in Czech language :
|b for doctors, attending and care taking personnel (for foreign nationals) : alternation English-Czech = Základy konverzace v českém jazyce : pro lékaře, ošetřující a pečující personál (pro cizí státní příslušníky) : mutace anglicko-česká /
|c Barbora Ludíková
|
| 246 |
3 |
|
|a Bacic of conversation in Czech language for doctors, attending and care taking personnel (for foreign nationals)
|
| 246 |
3 |
|
|a Základy konverzace v českém jazyce pro lékaře, ošetřující a pečující personál (pro cizí státní příslušníky)
|
| 246 |
3 |
1 |
|a Základy konverzace v českém jazyce
|
| 250 |
|
|
|a 1st ed.
|
| 260 |
|
|
|a Olomouc :
|b Palacký University,
|c 2008
|
| 300 |
|
|
|a 125 s. ;
|c 29 cm
|
| 500 |
|
|
|a Nad názvem: Univerzita Palackého v Olomouci, Pedagogická fakulta
|
| 650 |
0 |
7 |
|a čeština
|7 ph135292
|2 czenas
|
| 650 |
0 |
7 |
|a angličtina
|7 ph114056
|2 czenas
|
| 650 |
0 |
7 |
|a lékařství
|7 ph115195
|2 czenas
|
| 650 |
0 |
7 |
|a ošetřovatelství
|7 ph123893
|2 czenas
|
| 650 |
0 |
7 |
|a oborová terminologie
|7 ph138998
|2 czenas
|
| 650 |
0 |
7 |
|a oborová konverzace
|7 ph166080
|2 czenas
|
| 650 |
0 |
9 |
|a Czech language
|2 eczenas
|
| 650 |
0 |
9 |
|a English language
|2 eczenas
|
| 650 |
0 |
9 |
|a medicine
|2 eczenas
|
| 650 |
0 |
9 |
|a nursing
|2 eczenas
|
| 650 |
0 |
9 |
|a terminology (professional)
|2 eczenas
|
| 650 |
0 |
9 |
|a conversation, terms and phrases (professional)
|2 eczenas
|
| 655 |
|
7 |
|a učebnice vysokých škol
|7 fd133772
|2 czenas
|
| 655 |
|
9 |
|a textbooks (higher)
|2 eczenas
|
| 710 |
2 |
|
|a Univerzita Palackého.
|b Pedagogická fakulta
|7 kn20010709375
|
| 856 |
4 |
1 |
|u http://www.digitalniknihovna.cz/mzk/uuid/uuid:0f85d460-1fb3-11ee-98ed-5ef3fc9bb22f
|y Digitalizovaný dokument
|x NDK
|
| 910 |
2 |
|
|a BOA001
|b 3-1218.299
|
| 928 |
9 |
|
|a Univerzita Palackého
|
| 990 |
|
|
|a BK
|
| 995 |
|
|
|a 01
|
| 991 |
|
|
|b 200903
|c NOV
|
| 996 |
6 |
|
|b 2610367966
|c 3-1218.299
|l MZK
|r Sklad / do 1 hodiny
|n 1
|p p.v.
|w 000929941
|u 000010
|a 1
|e BOA001
|j MZK50
|s P
|